| 000 | 00000nam##2200000za#4500 |
| 001 | 9.617399 |
| 003 | CaOODSP |
| 005 | 20210615102143 |
| 007 | ta |
| 008 | 150406|2004||||xxc||||| f|0| 0 eng|d |
| 022 | |a0706-6457 |
| 040 | |aCaOODSP|beng |
| 043 | |an-cn--- |
| 086 | 1 |aFs97-6/2561E |
| 110 | 1 |aCanada. |bDepartment of Fisheries and Oceans. |
| 245 | 10|aAnalysis of legislation pertaining to the control and management of exotic aquatic species in Canadian and adjacent United States waters / |cby C. Vasarhelyi, V.G. Thomas and A.J. Niimi. |
| 260 | |aBurlington - Ontario : |bFisheries and Oceans Canada |c2004. |
| 300 | |avii, 39p. : |breferences ; |c28 cm. |
| 490 | 1 |aCanadian technical report of fisheries and aquatic sciences|x0706-6457|v2561 |
| 500 | |aOn title page: Fisheries and Oceans Canada, Canada Centre for Inland Waters, Burlington, Ontario, L7R 4A6, Canada. Email: niimia@dfo-mpo.gc.ca |
| 520 | 3 |aThis report is part of a series containing scientific and technical information that widens existing scientific knowledge but is not considered appropriate for publication in the primary literature. The research covers such subjects as ecosystem models, methods for enhancing aquaculture, commercial fishing equipment, and environmental threats to aquatic quality and fisheries resources. Includes tables, graphs, and charts. |
| 546 | |a(Résumé en français.) |
| 563 | |aSpiral binding |
| 590 | |a05-24|b2005-06-17 |
| 720 | 1 |aNiimi, A.J. |
| 720 | 1 |aVasarhelyi, C. |
| 720 | 1 |aThomas, V.G. |
| 776 | 0#|tAnalysis of legislation pertaining to the control and management of exotic aquatic species in Canadian and adjacent United States waters / |w(CaOODSP)9.574153 |
| 830 | #0|aCanadian technical report of fisheries and aquatic sciences,|x0706-6457|v2561|w(CaOODSP)9.514691 |